000 00236 a2200097 4500
001 10893
100 _aKane, S. E.
245 _aPsychological aspects of Phsical Edu & sport
260 _a
_bRoutledge Kegan Paul
_c
090 _c8466
_d8466
942 _aNUST-CAE
_cM
_c35229
999 _c245966
_d245966